Normal view MARC view

Entry Corporate Name

Number of records used in: 1

001 - CONTROL NUMBER

  • control field: 2070

003 - CONTROL NUMBER IDENTIFIER

  • control field: OSt

005 - DATE AND TIME OF LATEST TRANSACTION

  • control field: 20110428122847.0

008 - FIXED-LENGTH DATA ELEMENTS

  • fixed length control field: 110428|||a|||||| | ||| d

040 ## - CATALOGING SOURCE

  • Original cataloging agency: OSt
  • Transcribing agency: OSt

110 ## - HEADING--CORPORATE NAME

  • Corporate name or jurisdiction name as entry element: University of Cambridge.
  • Subordinate unit: Institute of Criminology.

670 ## - SOURCE DATA FOUND

  • Source citation: Work cat.: (OSt)0: West, D. J. (Donald James), 1924- 2068, The habitual prisoner :, 1963.